Déclin du droit international? (Record no. 2532)
[ view plain ]
| 000 -LEADER | |
|---|---|
| fixed length control field | 01352cam a2200385Ma 4500 |
| 001 - CONTROL NUMBER | |
| control field | ocn762968370 |
| 003 - CONTROL NUMBER IDENTIFIER | |
| control field | TZ-ArACH |
| 005 - DATE AND TIME OF LATEST TRANSACTION | |
| control field | 20130703112332.0 |
| 006 - FIXED-LENGTH DATA ELEMENTS--ADDITIONAL MATERIAL CHARACTERISTICS--GENERAL INFORMATION | |
| fixed length control field | m o d |
| 007 - PHYSICAL DESCRIPTION FIXED FIELD--GENERAL INFORMATION | |
| fixed length control field | cr cn||||||||| |
| 008 - FIXED-LENGTH DATA ELEMENTS--GENERAL INFORMATION | |
| fixed length control field | 100110s2009 quc o 000 0 fre d |
| 020 ## - INTERNATIONAL STANDARD BOOK NUMBER | |
| Cancelled/invalid ISBN | 9782763790138 (print) |
| 035 ## - SYSTEM CONTROL NUMBER | |
| System control number | (OCoLC)762968370 |
| Canceled/invalid control number | (OCoLC)664095583 |
| 040 ## - CATALOGING SOURCE | |
| Original cataloging agency | LVB |
| Language of cataloging | fre |
| Transcribing agency | TZ-ArACH |
| Modifying agency | OCLCQ |
| -- | MUQ |
| -- | OCLCQ |
| -- | UQ1 |
| -- | OCLCO |
| -- | OCLCQ |
| 041 ## - LANGUAGE CODE | |
| Language code of text/sound track or separate title | Fre |
| 049 ## - LOCAL HOLDINGS (OCLC) | |
| Holding library | TZAA |
| 050 #4 - LIBRARY OF CONGRESS CALL NUMBER | |
| Classification number | KZ3410 |
| Item number | .L48 |
| 082 04 - DEWEY DECIMAL CLASSIFICATION NUMBER | |
| Classification number | 341 |
| 100 1# - MAIN ENTRY--PERSONAL NAME | |
| Personal name | Leuprecht, Peter. |
| 9 (RLIN) | 11545 |
| 245 10 - TITLE STATEMENT | |
| Title | Déclin du droit international? |
| Medium | [ressource électronique] / |
| Statement of responsibility, etc | Peter Leuprecht. |
| 260 ## - PUBLICATION, DISTRIBUTION, ETC. (IMPRINT) | |
| Place of publication, distribution, etc | Québec [Que.] : |
| Name of publisher, distributor, etc | Presses de l'Université Laval, |
| Date of publication, distribution, etc | 2009. |
| 300 ## - PHYSICAL DESCRIPTION | |
| Extent | 26 p. |
| 490 1# - SERIES STATEMENT | |
| Series statement | Mercure du Nord/Verbatim |
| 500 ## - GENERAL NOTE | |
| General note | Titre de l'écran-titre (visionné le 20 juin 2011). |
| 650 #0 - SUBJECT ADDED ENTRY--TOPICAL TERM | |
| Topical term or geographic name as entry element | International law. |
| 9 (RLIN) | 11546 |
| 650 #6 - SUBJECT ADDED ENTRY--TOPICAL TERM | |
| Topical term or geographic name as entry element | Droit international. |
| 9 (RLIN) | 11547 |
| 650 #6 - SUBJECT ADDED ENTRY--TOPICAL TERM | |
| Topical term or geographic name as entry element | Organisation internationale. |
| 9 (RLIN) | 11548 |
| 650 17 - SUBJECT ADDED ENTRY--TOPICAL TERM | |
| Topical term or geographic name as entry element | Droit international. |
| 9 (RLIN) | 11549 |
| 650 #7 - SUBJECT ADDED ENTRY--TOPICAL TERM | |
| Topical term or geographic name as entry element | Droits de l'homme. |
| 9 (RLIN) | 11550 |
| 650 #7 - SUBJECT ADDED ENTRY--TOPICAL TERM | |
| Topical term or geographic name as entry element | Ordre mondial. |
| 9 (RLIN) | 11551 |
| 830 #0 - SERIES ADDED ENTRY--UNIFORM TITLE | |
| Uniform title | Mercure du Nord. |
| Name of part/section of a work | Verbatim. |
| 9 (RLIN) | 11552 |
| 856 40 - ELECTRONIC LOCATION AND ACCESS | |
| Materials specified | ebrary |
| Uniform Resource Identifier | <a href="http://site.ebrary.com/id/10348854">http://site.ebrary.com/id/10348854</a> |
| 942 ## - ADDED ENTRY ELEMENTS (KOHA) | |
| Source of classification or shelving scheme | Library of Congress Classification |
| Koha item type | Books |
| Home library | Current library | Shelving location | Date acquired | Full call number | Barcode | Koha item type |
|---|---|---|---|---|---|---|
| African Court on Human and Peoples' Rights Library | African Court on Human and Peoples' Rights Library | 03/07/2013 | KZ3410 .L48 | 10238565 | Books |
